| 000 | 00831nam a22002657a 4500 | ||
|---|---|---|---|
| 999 |
_c310117 _d310117 |
||
| 001 | 23857 | ||
| 003 | UA-OsUOA | ||
| 005 | 20191114105904.0 | ||
| 007 | ta | ||
| 008 | 20040130b un ||||| |||| 00| 0 ukr d | ||
| 020 | _a5770212775 | ||
| 040 |
_aUA-OsUOA _bukr _cUA-OsUOA _dUA-OsUOA |
||
| 041 | _aukr | ||
| 044 | _aUA | ||
| 080 | _a32(091)(477) | ||
| 090 |
_a32(091)(477) _bГ69 |
||
| 100 | _aГелей С. | ||
| 245 | _aКонсервативна течія в суспільно-політичній думці України ХІХ ст. | ||
| 260 |
_aЛьвів _bІнститут українознавства НАН України _c1996 |
||
| 300 | _a124 с. | ||
| 650 | 7 |
_a32 Політика _2UDC |
|
| 942 |
_cBK _2udc |
||
| 955 | _a1 | ||